000 01019cab a2200313 4500
001 ABS49232
008 090401t1993 xxu||||| |||| 00| 0 eng d
035 _a(Sirsi) u70435
041 _aeng
100 _aHughes, N.
245 _aFair exchanges
260 _c1993
350 _a0
490 _aVoluntary Housing
_vAugust 1993, 15-16(2)
520 _aExplains the problems of restrictive covenants which often go with council land in return for nominated rights.
650 _aGREATER LONDON COUNCIL (GENERAL POWERS) ACT 1974 S16
650 _aHOUSING ASSOCIATIONS
650 _aLOCAL GOVERNMENT (MISCELLANEOUS PROVISIONS) ACT 1982 S33
650 _aLOCAL GOVERNMENT ACT 1988 S25
650 _aNOMINATION AGREEMENTS
650 _aPLANNING GAIN
650 _aRESTRICTIVE COVENANTS
650 _aTOWN AND COUNTRY PLANNING ACT 1990 S106
650 _aTOWN AND COUNTRY PLANNING ACT 1990 S106
690 _aPROPERTY LAW AND PRACTICE
700 _aThomas, A.
942 _n0
948 _c04/03/1997
999 _c44297
_d44297